Missing Word: Up and Down Songs Quiz Stats

 Plays Quiz Updated Jul 22, 2014

Support Sporcle.
Go Orange.
Score 0/20 Timer 03:00
2 Plays Today
Hint Answer % Correct
Up SongsGo-Go
94.2%
Up SongsGive
92.2%
Down SongsHouse
77.6%
Up SongsBelong
75.8%
Up SongsMovin'
71%
Down SongsBring
70.5%
Down SongsLet
66.1%
Down SongsUnder
65.8%
Down SongsGet
65%
Up SongsWall
62.6%
Hint Answer % Correct
Up SongsWake
61.6%
Up SongsCreek
50.1%
Down SongsSally
49.7%
Down SongsEast
40.2%
Down SongsCorner
39.9%
Up SongsShake
37%
Down SongsSugar
30.6%
Down SongsFire
29.5%
Up SongsCaught
25.4%
Up SongsStir
24.6%

Today's Daily Dose

You're not logged in!

Compare scores with friends on all Sporcle quizzes.
OR
Log In

From the Vault

That's What 'N' Said

by metashades

Quotes are usually easier said than done.
Remove Ads.
Support Sporcle.
Get the best of Sporcle when you Go Orange. This ad-free experience offers more features, more stats, and more fun while also helping to support Sporcle. Thank you for becoming a member.

Show Comments

Extras

Top Quizzes Today


Score Distribution

Your Account Isn't Verified!

In order to create a playlist on Sporcle, you need to verify the email address you used during registration. Go to your Sporcle Settings to finish the process.

Report this User

Report this user for behavior that violates our Community Guidelines.

Details: